000 00470nmm a2200157Ia 4500
008 251105s9999||||xx |||||||||||||||||und||
020 _a9788497819848
041 _aspa
100 _aVV. AA.
245 0 _aIsidoro Cabanyes y las torres solares
264 _a[Madrid, España] :
_bMinisterio de Economía y Competitividad de España,
_c2014
300 _a116 páginas
650 _aBiography
856 _uhttps://public.digitaliapublishing.com/a/61867
942 _cCF
999 _c90591
_d90591